00416 2200157 4500001002100000005001500021008004100036020002200077035001900099082001100118090001700129100001200146245003100158260004500189300002400234INLIS00000000000734420241224113446241224||||||||| | ||| |||| ||  a978-602-8316-27-3 0010-12240073440 a297.38 a297.38 SOP m0 aSopandi00amengenal aqiqah dan qurban aBandungbPT. Imperial Bhakti Utamac2009 aiv + 50 hlm.; 21 cm